pharmaceutics practice (Record no. 32766)
| 000 -LEADER | |
|---|---|
| fixed length control field | 00228nam a22001097a 4500 |
| 100 ## - MAIN ENTRY--AUTHOR NAME | |
| Personal name | Winfield A.J (Acc.No37495 Ref ) |
| 245 ## - TITLE STATEMENT | |
| Title | pharmaceutics practice |
| 250 ## - EDITION STATEMENT | |
| Edition statement | 4th ed |
| 260 ## - PUBLICATION, DISTRIBUTION, ETC. (IMPRINT) | |
| Year of publication | 2009 |
| 300 ## - PHYSICAL DESCRIPTION | |
| Number of Pages | 643 |
| 942 ## - ADDED ENTRY ELEMENTS (KOHA) | |
| Koha item type | Books |
| Withdrawn status | Lost status | Permanent Location | Current Location | Shelving location | Date acquired | Source of acquisition | Cost, normal purchase price | Accession Number | Koha item type |
|---|---|---|---|---|---|---|---|---|---|
| Central Library Main Campus PUMHSW Nawabshah (SBA) | Reference Section (PUMHS Central Library) | Reference | 2019-10-09 | M/s paramount book bill No INV 1035134 Date 17/5/2016 | 3105.00 | 37495 Ref | Books |